Joueurs De L'Équipe Nationale Anglaise Par Photos - Euro 2024 - Statistiques

Statistiques générales
  • Ce quiz a été pris 52 fois
  • Le résultat moyen est 19 sur 26
Statistiques - réponses
Par images Réponse % Correct
Kyle Walker
100%
Bukayo Saka
98%
Harry Kane
98%
Jude Bellingham
98%
Phil Foden
98%
John Stones
96%
Cole Palmer
94%
Jordan Pickford
94%
Trent Alexander-Arnold
94%
Declan Rice
92%
Kieran Trippier
90%
Luke Shaw
86%
Ollie Watkins
73%
Aaron Ramsdale
69%
Anthony Gordon
65%
Conor Gallagher
65%
Joe Gomez
65%
Ivan Toney
63%
Eberechi Eze
61%
Kobbie Mainoo
61%
Marc Guéhi
59%
Dean Henderson
53%
Jarrod Bowen
51%
Ezri Konsa
35%
Lewis Dunk
29%
Adam Wharton
18%
Aucun quiz correspondant
Distribution des résultats
% des personnes avec chaque résultat
Percentile par nombre de réponses
Votre historique - résultats
Vous n’avez pas pris ce quiz